| 000 | 00621nam a22002417a 4500 | ||
|---|---|---|---|
| 003 | UA-OsUOA | ||
| 001 | 66314 | ||
| 007 | ta | ||
| 008 | 20091225b un ||||| |||| 00| 0 ukr d | ||
| 100 | _aФилипович П.П. | ||
| 090 |
_a821.161.2 _bФ53 |
||
| 942 | _cBK | ||
| 040 |
_aUA-OsUOA _bukr _cUA-OsUOA _dUA-OsUOA |
||
| 245 | _aПоезії. Переклади | ||
| 300 | _a256 с. | ||
| 955 | _a3 | ||
| 041 | _aukr | ||
| 080 | _a821.161.2 | ||
| 020 | _a978-966-8756-86-3 | ||
| 260 |
_aЧеркаси _c2007 |
||
| 650 | 7 |
_a82 Література. Літературознавство _2UDC |
|
| 999 |
_c352442 _d352442 |
||